Word Ladder: Musical Terms Quiz Stats

Quiz Updated Jan 13, 2015

Also try: Word Ladder: Music
Challenge
Share
Tweet
Embed
Score 0/27 Timer 03:00
1 Play Today
Hint 4-Letter Word % Correct
Without cost or paymentFREE
98.1%
Run away from dangerFLEE
97.2%
♪ Group of musicians that play together ♪BAND
96.2%
♪ Rock and _____ROLL
96.1%
Male version of a sororityFRAT
96.1%
Australian greeting: G'Day _____MATE
95.1%
♪ Ridges along the neck of a guitar ♪FRET
94.9%
♪ Choral group: _____ club ♪GLEE
94.6%
Catholic serviceMASS
94.5%
Shape something into a curveBEND
94.5%
Actor's partROLE
94.2%
Strung with many more to make a necklaceBEAD
94.1%
♪ Below intended pitch; sharp's opposite ♪FLAT
93.8%
Small carpets, often in front of doorsMATS
93.7%
Hint 4-Letter Word % Correct
♪ Basic unit of rhythm in a musical piece ♪BEAT
93.3%
♪ Low in pitch; lowest vocal range ♪BASS
93.2%
Underside of the footSOLE
93%
♪ Performance by one singer or musician ♪SOLO
92.5%
Horse/donkey offspringMULE
89.5%
SilentMUTE
89%
Bleat or similar noiseBLAT
87.5%
Think over something deeplyMULL
86.2%
ShakespeareBARD
85.5%
Gangster's female companionMOLL
84.7%
♪ Lines separating two measures of music ♪BARS
82.4%
♪ Prefix relating to sound ♪SONO
72.1%
♪ Piece of music composed for the voice ♪SONG
70.6%

Today's Daily Dose

Missing Word
Jazz Songs 'C'

On This Day
January 18th

You're not logged in!

Compare scores with friends on all Sporcle quizzes.
Sign Up with Email
OR
Log In

You Might Also Like...

Show Comments

Extras

Top Quizzes Today


Score Distribution

Your Account Isn't Verified!

In order to create a playlist on Sporcle, you need to verify the email address you used during registration. Go to your Sporcle Settings to finish the process.